000 00420nam a22001457a 4500
008 250716b |||||||| |||| 00| 0 eng d
020 _a9781840225914
050 _aB3313
_b.N45
100 _aNeitzsche Friedrich
245 _aHuman, Au-Too-Human Part 1&2 Beyond Good and Evil
260 _aHertfordshire
_bWordsworth Editions Limited
_c2008
300 _axxiii, 693p.
650 _aHuman Beings
_vPhilosophy
942 _cBK
999 _c4309
_d4309